000 01238pam a2200409 a 4500
001 8173
003 FISKH
005 20250901101745.0
008 900216s1990 nyua j 000 1 eng
010 _a 90032989
020 _a0670834513 :
020 _a9780439177061
020 _a9780670834518
035 _a1997969
040 _aDLC
_cDLC
_dDLC
_beng
042 _alcac
050 0 0 _aPZ7.D1515
_bEs 1990
082 _a 823.914
100 1 _aDahl, Roald.
245 1 0 _aEsio Trot /
_cRoald Dahl ; illustrations by Quentin Blake.
250 _aThis edition puublished in 2000
260 _aNew York :
_bViking,
_c1990.
300 _a62 pages :
_billustrations ;
_c20 cm
336 _atext
_btxt
_2rdacontent
337 _aunmediated
_bn
_2rdamedia
338 _avolume
_bnc
_2rdacarrier
505 _aR
520 _aShy Mr. Hoppy devises a plan to win the heart of his true love by teaching her a spell to make her tortoise grow bigger.
521 8 _a660
_bLexile estimate
521 8 _aR
_bRaz-Plus
650 1 _aTurtles
_xFiction.
650 1 _aSize
_xFiction.
700 1 _aBlake, Quentin,
_eillustrator
906 _a7
_bcbc
_corignew
_d1
_eocip
_f19
_gy-gencatlg
942 _2ddc
_cBK
_n0
999 _c8173
_d8173